Proceso de Lope de Vega por libelos contra unos cómicos / (Record no. 122759)

MARC details
000 -LEADER
campo de control de longitud fija 01106nam a2200253 i 4500
001 - NÚMERO DE CONTROL
campo de control 122759
003 - IDENTIFICADOR DE NÚMERO DE CONTROL
campo de control ES-MaACL
005 - FECHA Y HORA DE LA ÚLTIMA TRANSACCIÓN
campo de control 20250928103352.0
007 - CAMPO FIJO DE DESCRIPCIÓN FÍSICA--INFORMACIÓN GENERAL
campo de control de longitud fija t|
008 - DATOS DE LONGITUD FIJA--INFORMACIÓN GENERAL
campo de control de longitud fija 070214s1901 sp a |||| |dspa d
245 00 - MENCIÓN DEL TÍTULO
Título Proceso de Lope de Vega por libelos contra unos cómicos /
Mención de responsabilidad, etc. anotados por A. Tomillo y C. Pérez Pastor .
Resto del título Síguense los "Datos desconocidos para la vida de Lope de Vega", publicados por primera vez en el "Homenaje a Menéndez y Pelayo".
246 3# - FORMA VARIANTE DEL TITULO
Título propio/Titulo breve Datos desconocidos sobre la vida de Lope de Vega
260 ## - PUBLICACIÓN, DISTRIBUCIÓN, ETC.
Lugar de publicación, distribución, etc. Madrid :
Nombre del editor, distribuidor, etc. [s.n.],
Fecha de publicación, distribución, etc. 1901 (
Fabricante Estab. Tip. de Fortanet)
300 ## - DESCRIPCIÓN FÍSICA
Extensión XV, 371 p. :
Otras características físicas il. ;
Dimensiones 24 x 16 cm.
500 ## - NOTA GENERAL
Nota general Apéndice documental.
530 ## - NOTA DISPONIBLE DE FORMULARIO FÍSICO ADICIONAL
Nota de formato físico adicional disponible Disponible en formato digital.
600 14 - PUNTO DE ACCESO ADICIONAL DE MATERIA--NOMBRE DE PERSONA
Nombre de persona Vega, Lope de,
Fechas asociadas al nombre 1562-1635
9 (RLIN) 113563
650 #4 - PUNTO DE ACCESO ADICIONAL DE MATERIA--TÉRMINO DE MATERIA
Término de materia o nombre geográfico como elemento de entrada Delitos contra el honor-
Subdivisión geográfica España-
Subdivisión de forma Historia.
9 (RLIN) 159724
700 1# - ENTRADA AGREGADA--NOMBRE PERSONAL
Nombre de persona Tomillo, Atanasio.
9 (RLIN) 110556
700 1# - ENTRADA AGREGADA--NOMBRE PERSONAL
Nombre de persona Pérez Pastor, Cristóbal,
Fechas asociadas al nombre 1833-1908
9 (RLIN) 91076
852 ## - LOCALIZACIÓN
Ubicación ES-MaACL
Número de control de estantería B-4725
856 ## - LOCALIZACIÓN Y ACCESO ELECTRÓNICOS
Identificador Uniforme de Recursos <a href="http://bdh-rd.bne.es/viewer.vm?id=0000255734&page=1 ">http://bdh-rd.bne.es/viewer.vm?id=0000255734&page=1 </a>
Nota pública Biblioteca Digital Hispánica
Holdings
Estatus retirado Estado de pérdida Estado de daño No para préstamo Colección Biblioteca de origen Biblioteca actual Ubicación en estantería Fecha de adquisición Fuente de adquisición Total de préstamos Signatura topográfica completa Código de barras Visto por última vez Precio de reemplazo Tipo de ítem Koha
        Colección digital Biblioteca del Ateneo de Madrid Biblioteca del Ateneo de Madrid Sala Pardo Bazán 17/01/2008     B-4725 1127915 23/02/2023 23/02/2023 Libro impreso antiguo